000 00383cam a2200145ua 4500
003 OSt
008 250512b |||||||| |||| 00| 0 eng d
041 _aeng
082 _a624.171
_bNEA/ST
100 _aNeal, B.G .
_97487
245 _aStructural theorems and their applications /
260 _aNew York :
_bMacMillan and Company Limited ,
_c1964.
300 _a198 ; .
942 _cBK
999 _c7746
_d7746